| 000 | 00347nam a2200145 4500 | ||
|---|---|---|---|
| 020 | _a0-7515-3504-4 | ||
| 082 | _a813.54 | ||
| 100 | _aGraham Masterton | ||
| 245 | _aThe Hymn Night Plague | ||
| 260 |
_aGreat Britain _btime warner paper back _c1993 |
||
| 300 |
_a310p. _e18cm. |
||
| 650 | _aFiction | ||
| 700 | _aMasterton, Graham | ||
| 942 | _cBK | ||
| 999 |
_c12303 _d12303 |
||